|
|
|
|
| LEADER |
00000nam a2200000 a 4500 |
| 001 |
vtls001331743 |
| 003 |
SK-MaSNL |
| 005 |
20260301235718.0 |
| 008 |
240226s1918 hu 000 f hun |
| 020 |
|
|
|q (brožované)
|
| 035 |
|
|
|a SNK000284629
|
| 035 |
|
|
|a urn:nbn:sk:snk-am3igm0
|
| 035 |
|
|
|a 523082A1-5CC5-4F47-B5E2-B6B2C025046C
|
| 035 |
|
|
|a urn:nbn:sk:snk-am00edam
|
| 040 |
|
|
|a SNK
|b slo
|a SNK
|e AACR2
|c SNK
|
| 041 |
0 |
|
|a hun
|
| 044 |
|
|
|a hu
|c HU
|
| 072 |
|
7 |
|a 821.511.1
|x Ugrofínske literatúry
|2 konspekt
|
| 080 |
|
|
|a 821.511.141-31
|2 2011
|
| 100 |
1 |
|
|a Biró, Lajos,
|d 1880-1948
|4 aut
|4 edt
|9 633320
|
| 245 |
1 |
2 |
|a A kezdet és a vég
|c Biró Lajos vezércikkei 1914-1918
|
| 260 |
|
|
|a Budapest
|b A Világ kiadása
|c [1918]
|
| 300 |
|
|
|a 214 s.
|c 8°
|
| 655 |
|
7 |
|a maďarské romány
|2 SNKPH
|9 70321
|
| 700 |
1 |
|
|a Kerekes, Pál
|4 upr
|9 633321
|
| 954 |
|
|
|a beletria cudzojazyčná (svetová)
|2 lita
|
| 958 |
|
|
|a ONDV
|
| 958 |
|
|
|a HU
|
| 958 |
|
|
|a LX
|
| 999 |
|
|
|c 976293
|d 978223
|
| 952 |
|
|
|t P60, <03>, [BOOK], {603}
|a SNK
|b SNK
|y PREZ
|7 0
|p 17A0827032
|o snkSC 12927
|i snkKSK 134/59
|8 3
|0 0
|1 0
|4 0
|d 1998-05-20
|f 1
|l 0
|r 2025-07-16 00:00:00
|w 2026-02-24
|